000 00654nam a2200241Ia 4500
003 OSt
005 20220918174838.0
006 a|||||r|||| 00| 0
007 ta
008 220917b |||||||| |||| 00| 0 eng d
024 _a14,405
037 _cTextual
040 _aARTS
_cARTS
_beng
041 _2eng
_aeng
082 _aO111,2:gp1,N75, L8
100 _aHibbard G. R.
_923807
245 0 _aElizabethan theatre
260 _aWaterloo
_bPublished in Collaboration
_c1978
300 _axvii,158p.
_ccm.
650 _aENGLISH LITERATURE
942 _hO111,2:gp1,N75, L8
_cTEXL
_2CC
999 _c154953
_d154953